Statistics for Slide - Goo Goo Dolls Lyrics

Click here to take the quiz!

General Stats

  • This quiz has been taken 10 times
  • The average score is 207 of 294

Answer Stats

Lyric% Correct
a
100%
do
100%
Do
100%
I
100%
slide
100%
the
100%
The
100%
To
100%
to
100%
you
100%
You
100%
are
90%
be
90%
in
90%
is
90%
wanna
90%
your
90%
And
80%
anythin'
80%
Don't
80%
don't
80%
ever
80%
feel
80%
know
80%
me
80%
my
80%
why
80%
Why
80%
all
70%
around
70%
away
70%
Could
70%
let
70%
ma
70%
Oh
70%
on
70%
Or
70%
what
70%
What
70%
where
70%
arms
60%
beautiful
60%
complete
60%
ear
60%
get
60%
give
60%
I'd
60%
I'll
60%
into
60%
it
60%
married
60%
of
60%
Put
60%
run
60%
So
60%
things
60%
whisper
60%
Yeah
60%
at
50%
fall
50%
hit
50%
love
50%
nothin'
50%
say
50%
that
50%
up
50%
wake
50%
wall
50%
with
50%
wonder
50%
won't
50%
anything
40%
can't
40%
dreamed
40%
father
40%
I'm
40%
It's
40%
man
40%
May
40%
means
40%
own
40%
pieces
40%
room
40%
suppose
40%
change
30%
comin'
30%
disowned
30%
gonna
30%
life
30%
never
30%
something
30%
faults
20%
killed
20%
Little
20%
live
20%
Ooh
20%
phone
20%
priest
20%
we'll
20%
beds
10%
between
10%
knew
10%
sheets
10%
them
10%

Score Distribution

Percentile by Number Answered

Percent of People with Each Score

Your Score History

You have not taken this quiz